Online Catalogue and eLibrary

Recasting caste : (Record no. 5903)

MARC details
000 -LEADER
fixed length control field 00559cam a2200205 i 4500
001 - CONTROL NUMBER
control field 17966067
005 - DATE AND TIME OF LATEST TRANSACTION
control field 20240614044840.0
008 - FIXED-LENGTH DATA ELEMENTS--GENERAL INFORMATION
fixed length control field 131206s2014 ii b 001 0 eng
020 ## - INTERNATIONAL STANDARD BOOK NUMBER
ISBN 9788132113461
040 ## - CATALOGING SOURCE (பட்டியலாக்க மூலம்)
Original cataloging agency DLC
Language of cataloging eng
Transcribing agency DLC
Description conventions rda
Modifying agency DLC
082 00 - DDC Classification
Class No. 305.5/1220954
DDC Edition Number 23
Item Number - Author Mark REC
100 0# - MAIN ENTRY--PERSONAL NAME
Personal name Hira Singh.
245 10 - TITLE STATEMENT
Title Recasting caste :
Remainder of title from the sacred to the profane /
Statement of responsibility, etc. Hira Singh.
250 ## - EDITION STATEMENT
Edition statement 1 st
260 ## - PUBLICATION, DISTRIBUTION, ETC.
Place of publication, distribution, etc. New Delhi
Name of publisher, distributor, etc. SAGE Publications India Pvt Ltd
Date of publication, distribution, etc. 2014
300 ## - PHYSICAL DESCRIPTION
Extent (e.g. Volumes, Pages etc.) xix, 287 pages ;
650 #0 - SUBJECT ADDED ENTRY--TOPICAL TERM
Topical term or geographic name entry element Caste
650 #0 - SUBJECT ADDED ENTRY--TOPICAL TERM
Topical term or geographic name entry element Hinduism
942 ## - Koha item type (Biblio)
Koha item type Books in Stacks (Lending)
Holdings
Lost status Damaged status Collection code Home library Current library Date acquired Full call number Accession Number Item type
    Lending WERC Library WERC Library 06/14/2024 305.5/1220954 REC 7046 Books in Stacks (Lending)

© WERC Library